| 000 | 00529nam a22002057a 4500 | ||
|---|---|---|---|
| 001 | 21822 | ||
| 003 | BD-RjUL | ||
| 005 | 20211209000731.0 | ||
| 008 | 140305t1968 i |||| |||| 000 0 eng d | ||
| 035 | _a(BD-RjUL)21887 | ||
| 040 |
_aBD-RjUL _beng _cBD-RjUL |
||
| 041 | _aeng | ||
| 082 | 0 | 4 |
_a891.2092 _bSHB 1968 |
| 100 | 1 | 0 |
_aSharma, Neeta. _967375 |
| 245 | 1 | 0 |
_aBanabhatta : _bA Literary study / |
| 260 |
_aDelhi : _bMunshiram, _c1968. |
||
| 300 |
_axii, 255 p. ; _c21 cm. |
||
| 650 | 1 |
_aLiterary agent _967387 |
|
| 942 |
_2ddc _cBK |
||
| 999 |
_c21822 _d21822 |
||